Регионална библиотека "Любен Каравелов" - Русе

Еллинска христоматия с обяснения на български (Запис номер 408367)

MARC детайли
000 -Лидер
Контролно поле с фиксирана дължина nam a22 a 4500
003 - Код на организацията, давaща контролен номер
Контролно поле BLK
005 - Дата и час на последна редакция
Контролно поле 20210414162256.0
008 - Елементи от данни с фиксирана дължина
fixed length control field 210414b bu |||||r|||| 00| | bu d
040 ## - Източник на каталожния запис
Идентификатор на билиотеката - собственик на записа BLK
041 ## - Код за език
Код за езика на текст/звукозапис или на отделно заглавие Български
Код за езика КДБФ Български
080 ## - УДК
Текстов определител УДК Старогръцки език
УДК код - определител по УДК 811.142
УДК - код + определител 811.142
100 ## - Редна дума - Автор
R(LIN) 244777
Автор Балабанов, Марко Димитриев
Авторска отговорност първи автор
139 ## - Редно поле
Редна дума Балабанов, Марко Димитриев
245 ## - Сведения за заглавието
Заглавие Еллинска христоматия с обяснения на български
Подзаглавни данни Ч. 1-2
Редно поле (дума) Състав. Марко Д. Балабанов
Том Ч. 2
260 ## - Област на издателските данни
Място на издаване, разпространение и проч. София
Година на издаване 1892-1895
300 ## - Физическа характеристика
Размери/Мащаб 21 см
380 ## - Жанр
Жанр Езикознание. Филология
490 ## - СЕРИИ (Колекции)
9 (RLIN) 435080
Име на серия Колекция Редки и ценни издания
650 #7 - Допълнително описание по предмет – тема
9 (RLIN) 172020
Основно описание – тема или топоним Старогръцки език
653 #7 - Ключова дума – ненормативна
9 (RLIN) 197324
Ключова дума старогръцки език
653 #7 - Ключова дума – ненормативна
9 (RLIN) 200246
Ключова дума христоматии
760 ## - Описание на основната серия
Място на издаване, издател и година София, 1895
Страници - том 176 с.
Част - том Ч. 2
852 ## - Местоположение
Форматна сигнатура Рб 895
Фондова буква Редки и ценни
999 ## - СИСТЕМНИ КОНТРОЛНИ НОМЕРА
Koha biblionumber 408367
Koha biblioitemnumber 408367
942 ## - АРТИКУЛИ
Вид на библиотечния материал Книги
Скрит в OPAC Не
Периодичен библиозапис Да
944 ## - СЪЗДАВАНЕ И РЕДАКЦИЯ на ЗАПИСА
Създаване/Редакция Създаване
Дата на регистрацията/редакция 2021-04-14
Служител, извършил регистрацията/редакцията Христина Везирева
Наличности
Код за отписване Код за изгубен артикул Източник на класификационната схема Код за повреда Коз за рестрикции Код за отдаване Артикулен № Име на библиотеката - собственик Име на библиотеката, в която се намира в момента Статус (Текущо местоположение) Дата на вписване в системата Местоположение - отдел Цена в лева Инвентарен номер Систематично азбучна сигнатура Баркод Цена в евро Служебен тип на артикула
  Не е изгубен Universal Decimal Classification Не е повреден само за читалня Специални фондове ( старопечатни, редки и ценни, фонд М. Арнаудов) 852862 Регионална библиотека "Любен Каравелов" Русе Регионална библиотека "Любен Каравелов" Русе Редки и ценни 2021-09-17 Редки и ценни 0.35 11380/58 Рб 896 900000052080 0.18 Книги
Vip Innovations Ltd, Rousse, Bulgaria 2025